All Operators of the Airbus a330 - Statistics

General Stats
  • This quiz has been taken 254 times
  • The average score is 41 of 113
Answer Stats
Hint Answer % Correct
15 Air France
87%
11 Lufthansa
86%
55 Air China
85%
28 Qantas
82%
14 Swiss
80%
41 China Southern
79%
64 Delta Airlines
79%
11 KLM
77%
60 Turkish Airlines
77%
12 Aeroflot
76%
18 Air Canada
75%
55 China Eastern
75%
26 Iberia
75%
30 Korean Air
73%
12 Qatar Airways
73%
15 Aer Lingus
70%
10 Egyptair
67%
10 Thai Airways
67%
33 Saudia
66%
11 Ita airways
65%
21 China Airlines
63%
24 Malaysia Airlines
62%
8 Finnair
60%
9 Brussels Airlines
59%
30 Garuda Indonesia
59%
42 Cathay Pacific
58%
22 Tap air Portugal
57%
3 South African Airways
53%
15 Asiana Airlines
52%
15 Philippine Airlines
52%
10 Oman Air
50%
8 Avianca
49%
12 Eva air
49%
9 Scandinavian Airlines
49%
9 Aerolineas Argentinas
48%
12 Azul
48%
33 Hainan Airlines
48%
2 Iran Air
48%
8 Air Algerie
47%
2 Air Serbia
47%
9 Kuwait Airways
46%
14 Virgin Atlantic
45%
6 Fiji Airways
43%
15 Air Asia
40%
3 Air Mauritius
40%
12 Condor
40%
25 Hawaiian Airlines
40%
17 Sichuan Airlines
40%
3 Air Caraïbes
39%
12 Eurowings
39%
2 Air Senegal
37%
8 Cebu Pacific
37%
12 Sri Lankan Airlines
37%
7 Air Belgium
36%
14 Air transat
36%
9 Corsair
36%
2 Tunisair
36%
2 Air Calin
34%
5 MEA
34%
13 Lion Air
30%
6 Shenzhen Airlines
27%
2 Uganda Airlines
27%
4 HiFly
26%
1 Iraqi Airways
26%
3 DHL
25%
21 Hong Kong Airlines
25%
6 Tianjin Airlines
25%
3 Iberojet
24%
2 Rwandair
24%
3 Afriqiyah Airways
23%
1 Shanghai Airlines
23%
4 Starlux
23%
2 Nepal Airlines
22%
7 Vietjet Air
22%
11 Beijing Capital Airlines
21%
1 Air Greenland
20%
13 Flynas
20%
5 Tibet Airlines
20%
5 Level
18%
10 Wamos Air
18%
3 Batik Air
16%
3 Libyan Airlines
16%
4 Sunclass Airlines
16%
3 T’way
15%
2 Turkménistan Airlines
14%
2 Boliviana de aviacíon
13%
6 Air Hong Kong
12%
1 Arik Air
12%
1 Taag Angola
12%
1 Yemenia Airways
12%
2 Air Anka
10%
12 Eurowings Discover
10%
2 Plus Ultra
10%
2 Southwind Airlines
10%
1 World2Fly
10%
1 Eznis Airways
8%
3 MNG Airlines
8%
7 Smartlynx
8%
4 Maleth Aero
7%
3 Serene Air
7%
1 Corendon Airlines
5%
1 Get jet Airlines
5%
1 US-Bangla Airlines
5%
2 Almasria Universal Airlines
4%
4 CMA CGM
4%
1 Compagnie africaine d’aviation
4%
1 Fly Gangwon
4%
1 Fly Oya
4%
2 Jordan Aviation
4%
4 Airhub Airlines
3%
3 MASkargo
3%
5 Lucky Airways
2%
3 Mas Air
2%
No matching quizzes found
Score Distribution
Percent of People with Each Score
Percentile by Number Answered
Your Score History
You have not taken this quiz